Gaming Quiz

Random Gaming Quiz

Spell Components in Dungeon Master Quiz Stats

 Plays Quiz not verified by Sporcle

Support Sporcle.
Go Orange.
Score 0/24 Timer 04:00
0 Plays Today
Type Component % Correct
PowerLo
100%
Class/AlignmentRa
100%
PowerMon
97.1%
Elemental InfluenceZo
97.1%
FormKath
97.1%
Elemental InfluenceFul
94.3%
Class/AlignmentSar
94.3%
Elemental InfluenceYa
91.4%
Elemental InfluenceVi
91.4%
FormIr
91.4%
FormBro
91.4%
FormVen
88.6%
Type Component % Correct
FormGor
88.6%
Class/AlignmentKu
88.6%
PowerEe
85.7%
Elemental InfluenceOh
85.7%
Elemental InfluenceDes
85.7%
FormEw
85.7%
Class/AlignmentRos
85.7%
Class/AlignmentDain
85.7%
Class/AlignmentNeta
85.7%
PowerUm
77.1%
PowerPal
77.1%
PowerOn
51.4%

You're not logged in!

Compare scores with friends on all Sporcle quizzes.
OR
Log In

From the Vault

Young Adult Book Titles Match-Up: 2000 - 2009

by BookishGirl98

If you haven't read much YA you've got a shot; a bunch of these became movie franchises.
Remove Ads.
Support Sporcle.
Get the best of Sporcle when you Go Orange. This ad-free experience offers more features, more stats, and more fun while also helping to support Sporcle. Thank you for becoming a member.

Show Comments

Extras

Top Quizzes Today


Score Distribution

Your Account Isn't Verified!

In order to create a playlist on Sporcle, you need to verify the email address you used during registration. Go to your Sporcle Settings to finish the process.

Report this User

Report this user for behavior that violates our Community Guidelines.

Details: